<?xml version="1.0" encoding="UTF-8" ?>
<collection xmlns="http://www.loc.gov/MARC21/slim"><record><leader>00993nam a2200229   4500</leader><controlfield tag="001">101606</controlfield><controlfield tag="003">CH-000273-5</controlfield><controlfield tag="005">20190430093429.0</controlfield><datafield tag="035" ind1=" " ind2=" "><subfield code="a">(OCoLC)906803906</subfield></datafield><datafield tag="040" ind1=" " ind2=" "><subfield code="a">CH-000273-5</subfield><subfield code="b">ger</subfield><subfield code="e">rda</subfield></datafield><datafield tag="041" ind1=" " ind2=" "><subfield code="a">ger</subfield></datafield><datafield tag="245" ind1="0" ind2="0"><subfield code="a">Maler aus Ascona</subfield><subfield code="b">7. Juni 1919 bis 8. Juli 1919, täglich geöffnet 9-12; 2-6 Uhr, Sonntag 10-12 Uhr</subfield><subfield code="c">Kunstsalon Wolfsberg, Bederstr. 109, Zürich 2, Tramlinie 7</subfield></datafield><datafield tag="264" ind1="0" ind2="1"><subfield code="a">[Zürich]</subfield><subfield code="b">[1919]</subfield><subfield code="c">[Kunstsalon Wolfsberg]</subfield></datafield><datafield tag="300" ind1=" " ind2=" "><subfield code="a">8 Seiten</subfield><subfield code="c">16,9 cm</subfield></datafield><datafield tag="336" ind1=" " ind2=" "><subfield code="a">Text</subfield><subfield code="b">txt</subfield><subfield code="2">rdacontent</subfield></datafield><datafield tag="337" ind1=" " ind2=" "><subfield code="a">ohne Hilfsmittel zu benutzen</subfield><subfield code="b">n</subfield><subfield code="2">rdamedia</subfield></datafield><datafield tag="338" ind1=" " ind2=" "><subfield code="a">Band</subfield><subfield code="b">nc</subfield><subfield code="2">rdacarrier</subfield></datafield><datafield tag="651" ind1="0" ind2="7"><subfield code="a">Ascona</subfield><subfield code="x">Malerei</subfield><subfield code="y">Geschichte 1900-1919</subfield><subfield code="2">gnd</subfield></datafield><datafield tag="655" ind1="0" ind2="7"><subfield code="a">Ausstellungskatalog</subfield><subfield code="x">Kunstsalon Wolfsberg</subfield><subfield code="y">07.06.1919-08.07.1919</subfield><subfield code="z">Zürich</subfield><subfield code="2">gnd-content</subfield></datafield><datafield tag="710" ind1="2" ind2="0"><subfield code="a">Kunstsalon Wolfsberg</subfield><subfield code="e">Veranstalter</subfield><subfield code="4">orm</subfield><subfield code="e">Herausgebendes Organ</subfield><subfield code="4">isb</subfield></datafield><datafield tag="852" ind1="4" ind2="0"><subfield code="a">CH-000273-5</subfield><subfield code="c">a3/Z 150:19190607</subfield></datafield><datafield tag="856" ind1="4" ind2="1"><subfield code="u">https://digital.kunsthaus.ch:443/viewer/image/101606/1/</subfield><subfield code="y">Kunsthaus Zürich Sammlungen online</subfield></datafield></record></collection>